| 000 | 01117pab a2200181 454500 | ||
|---|---|---|---|
| 008 | 180718b1999 xxu||||| |||| 00| 0 eng d | ||
| 100 | _aAlexander, Michael | ||
| 245 | _aThe effect of green taxes and carbon tax shifting on the state of Minnesota | ||
| 260 | _c1999 | ||
| 300 | _ap.975-96 | ||
| 362 | _aJun | ||
| 520 | _aAlthough it is well established that taxes have a distortionary and negative effect on the economy, not all taxes are equally deleterious. This study examines the effect of a revenue neutral tax on Carbon Emissions, using the Energy 2020 and REMI models. The revenue raised by the carbontax is off-set by corresponding reductions in other taxes (property and payroll taxes). The results indicate that the carbon emissions tax may or may not be as negative to economic growth as the taxes that they replace were. Therefore, it is possible to tax pollution, and only minorly slow or even stimulate the economy. - Reproduced | ||
| 650 | _aTaxation - Minnessota | ||
| 650 | _aTaxation | ||
| 700 | _aBackus, George | ||
| 773 | _aInternational Journal of Public Administration | ||
| 909 | _a41163 | ||
| 999 |
_c41163 _d41163 |
||